00000000cam 2200000zi 4500
0019.958138
003CaOODSP
00520251211095707
006m     o  d f      
007cr |n|||||||||
008251210s1927    nsc     o    f|0| 0 eng d
040 |aCaOODSP|beng|erda|cCaOODSP
043 |an-cn---
0861 |aFs52-5/17-1927E-PDF
1001 |aChipman, H. Ritchie, |eauthor.
24513|aAn investigation of the vitamin-A content of certain fish oils using the colour test / |cH. Ritchie Chipman.
264 1|aHalifax : |bBiological Board of Canada, |c1927.
300 |a1 online resource (3 pages).
336 |atext|btxt|2rdacontent
337 |acomputer|bc|2rdamedia
338 |aonline resource|bcr|2rdacarrier
4901 |aManuscript reports of the experimental stations ; |vno. 17
500 |aDigitized edition from print [produced by Department of Fisheries and Oceans].
520 |a"The Fisheries Experimental Station, (Atlantic) has recently baen interested in the colour test for vitamin-A using a solution of antimony triohloride in chloroform, and it was decided to apply this test to some dogfish liver oil and compare it with some samples of cod liver oil"--page 1.
650 0|aFish oils|xComposition.
650 0|aVitamin A.
650 6|aHuiles de poisson|xComposition.
650 6|aVitamine A.
7102 |aBiological Board of Canada, |eissuing body.
830#0|aManuscript reports of the experimental stations ;|vno. 17.|w(CaOODSP)9.948621
85640|qPDF|s1.49 MB|uhttps://publications.gc.ca/collections/collection_2025/mpo-dfo/fs52-5/Fs52-5-17-1927-eng.pdf